| 000 | 00550nam a22002057a 4500 | ||
|---|---|---|---|
| 003 | MPLRDC | ||
| 005 | 20220104201544.0 | ||
| 008 | 210129b ||||| |||| 00| 0 eng d | ||
| 020 | _a7-5633-3049-6 | ||
| 082 | _a797 STE v.5 | ||
| 100 | _a奥雷尔·斯坦因 | ||
| 245 |
_a发现藏经洞 _c姜波、秦立彦 译 |
||
| 250 | _a初版一刷 | ||
| 260 |
_a中国 _b广西师范大学出版社 _c2000 |
||
| 300 | _b平 | ||
| 490 | _a西域游历之五 | ||
| 520 | _a上架 2017-06-02。 | ||
| 650 | _a中国古物志 | ||
| 942 |
_cBK _o797 STE v.5 |
||
| 999 |
_c67230 _d67220 |
||